| 000 | 00993nam a2200277 a 4500 | ||
|---|---|---|---|
| 003 | MX-MxUPN | ||
| 005 | 20260326145557.0 | ||
| 008 | 230804t2021 sp a||||r|||| 000 0 spa d | ||
| 020 | _a9788499872163 | ||
| 040 |
_aMX-MxUPN _bspa _cMX-MxUPN |
||
| 041 | 0 | _aspa | |
| 050 | 1 | 4 |
_aLB1186 _bG37 2021 |
| 100 | 1 |
_aGarcía Martínez, Lucía _949775 |
|
| 100 | 1 |
_aMurillo García, Maite _949776 |
|
| 245 | 1 | 0 |
_aABNizando cuentos en educación infantil (3 años) : _bpor y para una escuela que engloba la matemática con el mundo de la literatura infantil |
| 250 | _aPrimera edición. | ||
| 260 |
_aMadrid : _bWolters Kluwer, _c©2021. |
||
| 300 |
_a231 páginas : _bilustraciones |
||
| 490 | 0 | _aCuadernos de pedagogía | |
| 504 | _aIncluye referencias bibliográficas. | ||
| 650 | 4 |
_aMatemáticas _xEstudio y enseñanza (Preescolar) _94038 |
|
| 650 | 4 |
_aMatemáticas en la literatura _912997 |
|
| 902 |
_aMarielOrtiz/040823 _bVíctor Ruiz/210823 |
||
| 942 |
_2lcc _cLIBRO |
||
| 999 |
_c209959 _d209959 |
||